00557nam a2200145 a 450000100100000000500170001000800410002704000250006808200150009310000360010824501460014426000700029030000170036050000340037700003360220240401203610.0110901s1895 pr 000 0 spa d aDO-SdBNPbspacBNPHU axxxbL965n1 aLuperón, Gregorio,d1839-189710aNotas autobiográficas y apuntes históricos sobre la República Dominicana desde la Restauración a nuestros dias /cGregorio Luperón. aPonce, Puerto Rico :bImprenta y Librería de M. López,c1895. av. ;c22 cm. aLa biblioteca posee el tomo 3